<?xml version="1.0" encoding="UTF-8"?>
<record
    xmlns:xsi="http://www.w3.org/2001/XMLSchema-instance"
    xsi:schemaLocation="http://www.loc.gov/MARC21/slim http://www.loc.gov/standards/marcxml/schema/MARC21slim.xsd"
    xmlns="http://www.loc.gov/MARC21/slim">

  <leader>00986nam a2200253 a 4500</leader>
  <controlfield tag="001">BRCA_8862</controlfield>
  <controlfield tag="005">20190320210435.0</controlfield>
  <controlfield tag="008">020617s2015----cn-a######---#000-0#spa-#</controlfield>
  <datafield tag="020" ind1=" " ind2=" ">
    <subfield code="a">9781894243858</subfield>
  </datafield>
  <datafield tag="041" ind1=" " ind2=" ">
    <subfield code="a">spa</subfield>
  </datafield>
  <datafield tag="044" ind1=" " ind2=" ">
    <subfield code="a">cn</subfield>
  </datafield>
  <datafield tag="050" ind1=" " ind2="4">
    <subfield code="a">ND1367.N67</subfield>
    <subfield code="b">.P35 2015</subfield>
  </datafield>
  <datafield tag="245" ind1="1" ind2="0">
    <subfield code="a">Paisaje en las Am&#xE9;ricas</subfield>
    <subfield code="b">pinturas desde la Tierra del Fuego al &#xC1;rtico</subfield>
    <subfield code="c">editado por Peter John Brownlee, Val&#xE9;ria Piccoli y Georgiana Uhlyarik.</subfield>
  </datafield>
  <datafield tag="260" ind1=" " ind2=" ">
    <subfield code="a">Canad&#xE1;</subfield>
    <subfield code="b">Art Gallery of Ontario, Pinacoteca do Estado de Sao Paulo, Terra Foundation for American Art</subfield>
    <subfield code="c">2015</subfield>
  </datafield>
  <datafield tag="300" ind1=" " ind2=" ">
    <subfield code="a">280 p.</subfield>
    <subfield code="b">il. a color</subfield>
    <subfield code="c">28 cm.</subfield>
  </datafield>
  <datafield tag="500" ind1=" " ind2=" ">
    <subfield code="a">Incluye &#xED;ndice anal&#xED;tico</subfield>
  </datafield>
  <datafield tag="504" ind1=" " ind2=" ">
    <subfield code="a">Bibliograf&#xED;a : p. 261-267</subfield>
  </datafield>
  <datafield tag="650" ind1="1" ind2="4">
    <subfield code="a">Pintura de paisajes</subfield>
    <subfield code="x">Historia</subfield>
    <subfield code="z">Norteam&#xE9;rica</subfield>
    <subfield code="9">21200</subfield>
  </datafield>
  <datafield tag="650" ind1="1" ind2="4">
    <subfield code="a">Pintura de paisajes</subfield>
    <subfield code="x">Historia</subfield>
    <subfield code="z">Sudam&#xE9;rica</subfield>
    <subfield code="9">21201</subfield>
  </datafield>
  <datafield tag="700" ind1="1" ind2=" ">
    <subfield code="a">Brownlee, Peter John</subfield>
    <subfield code="e">ed.</subfield>
    <subfield code="9">22068</subfield>
  </datafield>
  <datafield tag="700" ind1="1" ind2=" ">
    <subfield code="a">Piccoli, Val&#xE9;ria</subfield>
    <subfield code="e">ed.</subfield>
    <subfield code="9">22069</subfield>
  </datafield>
  <datafield tag="700" ind1="1" ind2=" ">
    <subfield code="a">Uhlyarik, Georgiana</subfield>
    <subfield code="d">1972-</subfield>
    <subfield code="e">ed.</subfield>
    <subfield code="9">22070</subfield>
  </datafield>
  <datafield tag="942" ind1=" " ind2=" ">
    <subfield code="2">lcc</subfield>
    <subfield code="c">B</subfield>
  </datafield>
  <datafield tag="999" ind1=" " ind2=" ">
    <subfield code="c">8513</subfield>
    <subfield code="d">8513</subfield>
  </datafield>
  <datafield tag="952" ind1=" " ind2=" ">
    <subfield code="0">0</subfield>
    <subfield code="1">0</subfield>
    <subfield code="4">0</subfield>
    <subfield code="7">0</subfield>
    <subfield code="a">BRCA</subfield>
    <subfield code="b">BRCA</subfield>
    <subfield code="d">2017-06-02</subfield>
    <subfield code="l">0</subfield>
    <subfield code="o">ND1367.N67 .P35 2015</subfield>
    <subfield code="p">02948</subfield>
    <subfield code="r">2019-03-22 00:00:00</subfield>
    <subfield code="w">2019-03-22</subfield>
    <subfield code="y">B</subfield>
  </datafield>
</record>
